King of Pain - The Police (All Lyrics) - Statistics

General Stats
  • This quiz has been taken 27 times
  • The average score is 291 of 430
Answer Stats
Answer % Correct
a
100%
be
100%
I
100%
king
100%
King
100%
the
100%
of
92%
pain
92%
there)
92%
as
85%
I'm
85%
in
85%
It's
85%
it's
85%
my
85%
on
85%
There's
85%
to
85%
thing
77%
always
69%
and
69%
black
69%
But
69%
have
69%
little
69%
old
69%
pouring
69%
rain
69%
same
69%
spot
69%
that
69%
today
69%
With
69%
with
69%
yesterday
69%
before
62%
brain
62%
by
62%
for
62%
here
62%
'round
62%
sun
62%
this
62%
you'll
62%
circles
54%
destiny
54%
end
54%
his
54%
I'll
54%
stood
54%
top
54%
up
54%
guess
46%
high
46%
hoping
46%
out
46%
running
46%
soul
46%
(That's
46%
that's
46%
tree
46%
inside
38%
reign
38%
shadow
38%
turning
38%
world
38%
blind
31%
bread
31%
caught
31%
choking
31%
crust
31%
doubt;
31%
eyes
31%
man
31%
rich
31%
searching
31%
skeleton
31%
waterfall
31%
won't
31%
back
23%
bed
23%
cliff
23%
dead
23%
frozen
23%
red
23%
sleeping
23%
stop
23%
throne
23%
torn
23%
wall
23%
broken
15%
butterfly
15%
golden
15%
gull
15%
hat
15%
salmon
15%
spider's
15%
trapped
15%
web
15%
wind
15%
beached
8%
blue
8%
ebb
8%
flag
8%
fox
8%
huntsman's
8%
pack
8%
pole
8%
whale
8%
winged
8%
fossil
0%
rag
0%
springtide's
0%
No matching quizzes found
Score Distribution
Percent of People with Each Score
Percentile by Number Answered
Your Score History
You have not taken this quiz